BIBLIOTHÈQUE DE LA MAISON DU MEXIQUE

Logo 1 Logo 2

A thumbnail history of Guadalajara (notice nᵒ 3077)

détails MARC
000 -Sello discográfico
campo de control de longitud fija 00849nam a2200289 4500
005 - Identificación de versión
campo de control 20251016083444.0
035 ## - Otros números de control del sistema
Número de control del sistema 24736
099 ## - fechas locales
Tipo de ítem Koha LIBRO
100 ## - Datos de procesamiento general
Datos de procesamiento general 19980323d1983 m y1spay5003 ba
101 1# - Idioma del recurso
Idioma del texto, banda sonora, etc. Inglés
Idioma de la obra original Español; Castellano
105 ## - Campo de datos codificados: Material textual, monográfico
Datos codificados de monografía a 001zy
200 1# - Título y mención de responsabilidad
Título propio A thumbnail history of Guadalajara
Designación general del material texto impreso
Primer mención de responsabilidad José María Muriá Rouret
Declaración de responsabilidad subsiguiente traduction Michael Matnes
210 ## - Publicación, distribución, etc.
Lugar de publicación, distribución, etc. México
Nombre del editor, distribuidor, etc. Editorial Colomos
Fecha de publicación, distribución, etc. 1983
215 ## - Descripción física
Designación de material específico y extensión del ítem 80 p
Otras características físicas fot.
Dimensiones 21 cm
345 ## - Nota de información de adquisición
Fuente de adquisición/dirección de la suscripción [OBSOLETO] Intercambio
607 ## - Nombre geográfico utilizado como tema
Elemento de entrada Guadalajara, Jalisco (México)
Subdivisión temática Historia
Número Koha 347
660 ## - Código de área geográfica
Código MX
700 ## - Nombre personal - Responsabilidad primaria
Elemento de entrada Muriá Rouret
Parte del nombre distinta del elemento de entrada José María
Fechas 1942-
Número Koha 349
702 ## - Nombre personal - Responsabilidad secundaria
Elemento de entrada Matnes
Parte del nombre distinta del elemento de entrada Michael
Número Koha 6512
801 #0 - Fuente de origen
Agencia cm
900 ## -
-- 1/16702
900 ## -
-- 710988273\\230398
942 ## - ELEMENTOS DE ENTRADA SECUNDARIOS (KOHA)
Tipo de ítem Koha Livre
996 ## -
-- MEX
-- 751145101
-- MMAG
-- 008058
-- 972.33 M977TH
-- 20230619LIV
Exemplaires
Estatus retirado Estado de daño Estado de pérdida Fecha de adquisición Biblioteca de origen Biblioteca actual Ubicación en estantería Código de barras Precio de reemplazo Signatura topográfica completa No para préstamo Tipo de ítem Koha Nota pública Nota no pública
      05/08/2025 Casa México Paris Casa México Paris   008058 05/08/2025 972.33 M977TH   Livre 20230619LIV 751145101